[Event "Elit(Solna-Orgryte)"]
[Site "?"]
[Date "2009.03.14"]
[Round "10"]
[White "Hultin, Johan"]
[Black "Lindberg, Bengt"]
[Result "1-0"]
[WhiteElo "2306"]
[BlackElo "2426"]
[PlyCount "109"]

1. d4 Nf6 2. Nf3 e6 3. g3 d5 4. Bg2 Be7 5. c4 O-O 6. O-O dxc4 7. Qa4 a6 8. Qxc4
b5 9. Qc2 Bb7 10. Bf4 Nc6 11. Nbd2 Nxd4 12. Nxd4 Bxg2 13. Kxg2 Qxd4 14. Nf3 Qc5
15. Qxc5 Bxc5 16. Bxc7 Rfc8 17. Ba5 Ne4 18. Ne5 Bd4 19. Nd3 Rc2 20. Rac1 Rac8
21. Rxc2 Rxc2 22. Rd1 Bf6 23. Kf3 Ng5+ 24. Ke3 Rc4 25. b3 Re4+ 26. Kd2 Rd4 27.
Rc1 h5 28. Rc6 Rd6 29. Rxd6 Ne4+ 30. Ke3 Nxd6 31. Nc5 Nf5+ 32. Kd2 Bd4 33. Nd3
Nd6 34. e3 Ne4+ 35. Ke2 Bc3 36. Nc5 Nxg3+ 37. fxg3 Bxa5 38. Nxa6 Kf8 39. Nb8
Ke8 40. Nc6 Bb6 41. Kd3 g5 42. Nd4 Kd7 43. Nxb5 f5 44. Nd4 Bc7 45. a4 g4 46. b4
h4 47. gxh4 Bxh2 48. h5 g3 49. Nf3 g2 50. h6 Kd6 51. h7 Be5 52. Ke2 Bg7 53. Kf2
e5 54. Kxg2 e4 55. Nh4 1-0

[Event "Elit(Solna-Orgryte)"]
[Site "?"]
[Date "2009.03.14"]
[Round "10"]
[White "Jonsson, Mikael"]
[Black "Frisk Kockum, Anton"]
[Result "1-0"]
[WhiteElo "2336"]
[BlackElo "2280"]
[PlyCount "93"]

1. d4 f5 2. g3 Nf6 3. Bg2 g6 4. Nh3 e6 5. Nf4 d6 6. h4 Qe7 7. Nc3 c6 8. e4 e5
9. dxe5 dxe5 10. Nd3 Bg7 11. Qe2 O-O 12. Bg5 h6 13. Bd2 Na6 14. O-O-O fxe4 15.
Nxe4 Nxe4 16. Bxe4 Qf7 17. Kb1 Be6 18. a3 h5 19. Rde1 Ba2+ 20. Ka1 Bc4 21. Qe3
Nc7 22. Qg5 Bxd3 23. Bxd3 Ne6 24. Qxg6 Qxg6 25. Bxg6 Rxf2 26. Be3 Rg2 27. Rhg1
Rh2 28. Bxh5 Nd4 29. Bxd4 exd4 30. Re2 Rxe2 31. Bxe2 b5 32. g4 Re8 33. Bd3 Be5
34. h5 Bf4 35. Rf1 Bd2 36. Rf6 c5 37. Bxb5 Re1+ 38. Ka2 Rg1 39. Rg6+ Kh8 40.
Bd3 Rh1 41. Rc6 Rg1 42. Bf5 Kg7 43. Rxc5 a5 44. Rd5 Be3 45. Rxa5 Rg2 46. Ra6 d3
47. Rg6+ 1-0

[Event "Elit(Solna-Orgryte)"]
[Site "?"]
[Date "2009.03.14"]
[Round "10"]
[White "Ziegler, Ari"]
[Black "Johansson, Gunnar"]
[Result "1/2-1/2"]
[WhiteElo "2427"]
[BlackElo "2255"]
[PlyCount "123"]

1. d4 d5 2. c4 c6 3. Nc3 Nf6 4. e3 e6 5. Nf3 Nbd7 6. Bd3 dxc4 7. Bxc4 b5 8. Bd3
Bb7 9. O-O a6 10. e4 c5 11. d5 Qc7 12. dxe6 fxe6 13. Qe2 c4 14. Bc2 Bd6 15. Rd1
O-O 16. h3 Rae8 17. Bg5 Bc5 18. Rd2 Nh5 19. Rad1 Ne5 20. Nd4 Nf4 21. Bxf4 Rxf4
22. Qh5 Rf7 23. Nce2 Nd3 24. Bxd3 cxd3 25. Rxd3 Bxe4 26. Rc3 e5 27. b4 Bg6 28.
Qh4 Qe7 29. Qxe7 Bxe7 30. Nc6 Bf6 31. Ra3 Ra8 32. Re3 e4 33. Nf4 Bg5 34. Nxg6
Rc8 35. Rxe4 hxg6 36. Re6 Rfc7 37. Ne5 Rc1 38. Rf1 Rxf1+ 39. Kxf1 Rc1+ 40. Ke2
Rc2+ 41. Kf3 Bf6 42. Re8+ Kh7 43. a3 Rc3+ 44. Kg4 Bxe5 45. Rxe5 Rxa3 46. f4 Ra4
47. Re6 Rxb4 48. Rxa6 Rc4 49. Rb6 Rc5 50. h4 Rd5 51. g3 Rc5 52. Rd6 Rc8 53. Rb6
Rc5 54. Rb8 Rd5 55. Kf3 Rc5 56. Rd8 Rc7 57. Rb8 Rc5 58. Kf2 Rc2+ 59. Kf3 Rc3+
60. Kg4 Rc5 61. Rb6 Rd5 62. Rb8 1/2-1/2

[Event "Elit(Solna-Orgryte)"]
[Site "?"]
[Date "2009.03.14"]
[Round "10"]
[White "Bergstrom, Christer"]
[Black "Virolainen, Victor"]
[Result "0-1"]
[WhiteElo "2367"]
[BlackElo "2214"]
[PlyCount "94"]

1. Nf3 c5 2. c4 g6 3. g3 Bg7 4. Bg2 Nc6 5. Nc3 e5 6. O-O Nge7 7. Ne1 d6 8. Nc2
O-O 9. a3 Be6 10. d3 Qd7 11. Re1 d5 12. cxd5 Nxd5 13. Ne4 b6 14. Ng5 Rac8 15.
Nxe6 Qxe6 16. Ne3 Nxe3 17. Bxe3 Nd4 18. b4 cxb4 19. Bxd4 exd4 20. axb4 Bh6 21.
Bf3 Rc7 22. Qa4 Bd2 23. Reb1 Bc3 24. Ra3 Qe5 25. Qa6 Kg7 26. Ra2 h5 27. Qa3 Rh8
28. Qb3 h4 29. Qd5 Qxd5 30. Bxd5 hxg3 31. hxg3 Rh5 32. Bc4 b5 33. Bb3 Bxb4 34.
Bxf7 Bc3 35. Bb3 a5 36. Kg2 Ra7 37. e4 a4 38. Bd1 Rc5 39. Ra3 Kf6 40. f4 g5 41.
Kf3 gxf4 42. gxf4 Rh7 43. Kg3 Be1+ 44. Kf3 Rch5 45. e5+ Kf5 46. Rxb5 Rh3+ 47.
Ke2 Rh1 0-1

[Event "Elit(Solna-Orgryte)"]
[Site "?"]
[Date "2009.03.14"]
[Round "10"]
[White "Arnelind, Mikael"]
[Black "Karlsson, Tomas"]
[Result "1/2-1/2"]
[WhiteElo "2293"]
[BlackElo "2293"]
[PlyCount "63"]

1. d4 e6 2. c4 d5 3. Nc3 Be7 4. cxd5 exd5 5. Bf4 c6 6. Qc2 Nf6 7. e3 O-O 8. Bd3
Nbd7 9. Nf3 Re8 10. O-O Nf8 11. h3 Ng6 12. Bh2 Bd6 13. Rab1 Bxh2+ 14. Kxh2 c5
15. dxc5 Qc7+ 16. Kg1 Qxc5 17. Nb5 Qxc2 18. Bxc2 Re7 19. Rbc1 Bd7 20. Nbd4 Rc8
21. Nf5 Bxf5 22. Bxf5 Rxc1 23. Rxc1 Nf8 24. Rc8 g6 25. Bc2 Kg7 26. Bb3 Ne6 27.
Ra8 a6 28. Rc8 Rc7 29. Rxc7 Nxc7 30. Kf1 Ne4 31. Ke2 Kf6 32. Bc2 1/2-1/2

[Event "Elit(Solna-Orgryte)"]
[Site "?"]
[Date "2009.03.14"]
[Round "10"]
[White "Dalmau, Jorgen"]
[Black "Tibell, Ingemar"]
[Result "0-1"]
[WhiteElo "2227"]
[BlackElo "2003"]
[PlyCount "102"]

1. e4 c5 2. Nf3 d6 3. d4 cxd4 4. Nxd4 Nf6 5. Nc3 a6 6. Be3 e6 7. Qd2 Qc7 8. f3
Nbd7 9. O-O-O b5 10. Qf2 Bb7 11. g4 b4 12. Na4 h6 13. Bd3 d5 14. exd5 Nxd5 15.
Nxe6 fxe6 16. Bg6+ Kd8 17. Rhe1 Bd6 18. Kb1 Rf8 19. Nb6 N7xb6 20. Bxb6 Qxb6 21.
Qxb6+ Nxb6 22. Rxd6+ Kc7 23. Rdxe6 Nd5 24. Be4 Rad8 25. Rg6 Rf7 26. Re6 Rfd7
27. Re5 Nf6 28. Bd3 Bxf3 29. g5 hxg5 30. Rxg5 Be4 31. a3 Bxd3 32. cxd3 bxa3 33.
bxa3 Rh8 34. Re2 Rh3 35. Reg2 Rhxd3 36. Rxg7 Rxa3 37. h4 Rh3 38. Rc2+ Kb7 39.
Rg6 Nd5 40. Rcc6 Nc7 41. Rc4 Rd2 42. Rg7 Rh1+ 43. Rc1 Rxc1+ 44. Kxc1 Rh2 45.
Rh7 Kb6 46. h5 Nb5 47. h6 Ka5 48. Rh8 Kb4 49. h7 a5 50. Kb1 a4 51. Kc1 a3 0-1

[Event "Elit(Solna-Orgryte)"]
[Site "?"]
[Date "2009.03.14"]
[Round "10"]
[White "Forsberg, Jan-Olof"]
[Black "Landgren, Andreas"]
[Result "0-1"]
[WhiteElo "2218"]
[BlackElo "2210"]
[PlyCount "86"]

1. d4 d5 2. c4 e6 3. Nc3 c6 4. Nf3 dxc4 5. a4 Bb4 6. e3 b5 7. axb5 cxb5 8. Bd2
Bxc3 9. Bxc3 Bb7 10. b3 a5 11. bxc4 b4 12. Bb2 Nf6 13. Bd3 Nbd7 14. Qc2 Qc7 15.
O-O O-O 16. Rfe1 Rfe8 17. e4 e5 18. c5 exd4 19. Bxd4 h6 20. h3 Bc6 21. e5 Nh5
22. e6 Rxe6 23. Rxe6 fxe6 24. Bh7+ Kh8 25. Nh4 Nf8 26. Be4 Rd8 27. Bxc6 Qxc6
28. Be3 Ra8 29. Rd1 Nf6 30. f3 a4 31. Rd6 Qe8 32. Qc4 b3 33. Bd4 Qh5 34. g3 Qg5
35. Kh2 Qd2+ 36. Ng2 Nd5 37. Rxd5 exd5 38. Qxd5 Qa5 39. Qe5 Qa7 40. c6 Qf7 41.
c7 a3 42. Nf4 b2 43. Qe4 Rc8 0-1

[Event "Elit(Solna-Orgryte)"]
[Site "?"]
[Date "2009.03.14"]
[Round "10"]
[White "Bergstrom, Magnus"]
[Black "Eksmyr, Johan"]
[Result "1-0"]
[WhiteElo "2176"]
[BlackElo "2156"]
[PlyCount "55"]

1. c4 e5 2. Nc3 Bb4 3. Nf3 d6 4. Nd5 a5 5. a3 Bc5 6. d4 exd4 7. Nxd4 c6 8. Nc3
Qh4 9. e3 Bg4 10. Be2 Nf6 11. O-O Bxe2 12. Qxe2 Ng4 13. h3 Ne5 14. f4 Ned7 15.
Ne4 g6 16. Qd3 Qe7 17. Nb3 f5 18. Nbxc5 dxc5 19. Nd6+ Kd8 20. e4 fxe4 21. Nxe4
Kc7 22. f5 Ne5 23. Qc3 gxf5 24. Rxf5 Re8 25. Bf4 Nbd7 26. Rd1 Kb6 27. Nd6 Qe6
28. Qb3+ 1-0

[Event "Elit(Manhem-Vasteras)"]
[Site "?"]
[Date "2009.03.14"]
[Round "10"]
[White "Sjodahl, Pontus"]
[Black "Nithander, Victor"]
[Result "1/2-1/2"]
[WhiteElo "2505"]
[BlackElo "2465"]
[PlyCount "99"]
[SourceDate "2009.03.17"]

1. d4 Nf6 2. c4 g6 3. Nc3 Bg7 4. e4 d6 5. f3 O-O 6. Be3 a6 7. Qd2 Nc6 8. Nge2
Rb8 9. Bh6 e5 10. O-O-O b5 11. h4 Nxd4 12. Nxd4 exd4 13. Bxg7 dxc3 14. Qh6
cxb2+ 15. Kb1 Nh5 16. Bxf8 Qxf8 17. Qxf8+ Kxf8 18. cxb5 axb5 19. Rd5 Bd7 20.
Kxb2 Ke7 21. Rd2 Be6 22. Be2 c5 23. Rc1 f6 24. Rc3 b4 25. Rc1 Nf4 26. Bc4 Bd7
27. Rcd1 Rb6 28. g3 Ne6 29. f4 Ba4 30. Re1 Nd4 31. Re3 Bc6 32. g4 Rb8 33. g5
Rf8 34. Rf2 Kd7 35. gxf6 Rxf6 36. e5 dxe5 37. Rxe5 Kd6 38. Re3 h5 39. a3 bxa3+
40. Rxa3 Rf8 41. Kc1 Re8 42. Rg3 Be4 43. Re3 Re7 44. Ra2 Bc6 45. Rxe7 Kxe7 46.
Ra7+ Kd6 47. Ra6 Kc7 48. Ra7+ Kd6 49. Rf7 Be8 50. Ra7 1/2-1/2

[Event "Elit(Manhem-Vasteras)"]
[Site "?"]
[Date "2009.03.14"]
[Round "10"]
[White "Olausson, Claes-Goran"]
[Black "Eriksson, Johan"]
[Result "1/2-1/2"]
[WhiteElo "2369"]
[BlackElo "2441"]
[PlyCount "59"]

1. Nf3 Nf6 2. c4 g6 3. g3 Bg7 4. Bg2 O-O 5. O-O d6 6. d4 Nc6 7. Nc3 e5 8. d5
Ne7 9. e4 c5 10. Ne1 Nd7 11. Nd3 f5 12. f4 a6 13. a4 Qc7 14. fxe5 Nxe5 15. Nxe5
Bxe5 16. Bh6 Rf7 17. Qc2 Bd7 18. Ne2 Re8 19. Rae1 b5 20. axb5 axb5 21. b3 Rb8
22. Nf4 bxc4 23. bxc4 Rb2 24. Qd1 Rb4 25. Ne6 Qc8 26. Ng5 Ba4 27. Qe2 Rb2 28.
Qd3 Rb3 29. Qe2 Rb2 30. Qd3 1/2-1/2

[Event "Elit(Manhem-Vasteras)"]
[Site "?"]
[Date "2009.03.14"]
[Round "10"]
[White "Akesson, Ralf"]
[Black "Carlhammar, Magnus"]
[Result "1/2-1/2"]
[WhiteElo "2511"]
[BlackElo "2371"]
[PlyCount "83"]

1. d4 Nf6 2. c4 g6 3. Nc3 d5 4. cxd5 Nxd5 5. Bd2 Bg7 6. e4 Nb6 7. Be3 O-O 8. h3
f5 9. exf5 Bxf5 10. Nf3 Nc6 11. Qb3+ Kh8 12. d5 Ne5 13. Nxe5 Bxe5 14. Rd1 Qd6
15. g4 Bd7 16. Bg2 Qf6 17. O-O Bf4 18. Ne4 Qg7 19. Bd4 Be5 20. Bxe5 Qxe5 21.
Nc5 Rad8 22. Nxb7 Ba4 23. Qa3 Bxd1 24. Nxd8 Be2 25. Ne6 Bxf1 26. Qxe7 Rg8 27.
Kxf1 h6 28. Qxc7 Qxc7 29. Nxc7 Rd8 30. Be4 g5 31. Nb5 Nxd5 32. Nxa7 Nf6 33. Bc6
Nd5 34. a3 Nb6 35. Nb5 Nc4 36. b4 Rd1+ 37. Kg2 Ra1 38. Bd5 Nxa3 39. Nxa3 Rxa3
40. b5 Rd3 41. Bc6 Rb3 42. Kf1 1/2-1/2

[Event "Elit(Manhem-Vasteras)"]
[Site "?"]
[Date "2009.03.14"]
[Round "10"]
[White "Akesson, Joel"]
[Black "Eriksson, Anders"]
[Result "0-1"]
[WhiteElo "2382"]
[BlackElo "2367"]
[PlyCount "100"]

1. d4 Nf6 2. c4 c5 3. d5 b5 4. Nf3 d6 5. Nbd2 bxc4 6. e4 g6 7. Bxc4 Bg7 8. h3
O-O 9. O-O Nbd7 10. Bd3 Ne8 11. Rb1 a5 12. Nc4 Nb6 13. Bd2 Nxc4 14. Bxc4 a4 15.
Bc3 Nc7 16. Bxg7 Kxg7 17. Re1 f6 18. Nd2 Qd7 19. f4 Ba6 20. Qf3 Bxc4 21. Nxc4
Rab8 22. h4 Nb5 23. Ne3 Nd4 24. Qd1 Rb4 25. h5 Rfb8 26. hxg6 hxg6 27. f5 Rh8
28. fxg6 Kxg6 29. Nc2 Nxc2 30. Qxc2 Kf7 31. Re3 Qg4 32. Rf1 Rh4 33. Rfe1 Qh5
34. Qc3 Rh1+ 35. Kf2 Qh4+ 36. Kf3 Rh2 37. Rg1 Rd4 38. Qe1 Qh5+ 39. Kf2 Qe5 40.
Rh1 Qf4+ 41. Kg1 Rxh1+ 42. Kxh1 Qg4 43. Re2 c4 44. Kh2 Rd3 45. Kg1 a3 46. bxa3
c3 47. Kh2 Ke8 48. a4 Qh5+ 49. Kg1 c2 50. Rxc2 Rd1 0-1

[Event "Elit(Manhem-Vasteras)"]
[Site "?"]
[Date "2009.03.14"]
[Round "10"]
[White "Norberg, Johan"]
[Black "Schneider, Lars-Ake"]
[Result "1/2-1/2"]
[WhiteElo "2364"]
[BlackElo "2338"]
[PlyCount "21"]

1. e4 c5 2. Nc3 Nc6 3. g3 g6 4. Bg2 Bg7 5. d3 d6 6. Nge2 e5 7. Nd5 Nge7 8. Nec3
Nxd5 9. Nxd5 O-O 10. O-O Be6 11. c3 1/2-1/2

[Event "Elit(Manhem-Vasteras)"]
[Site "?"]
[Date "2009.03.14"]
[Round "10"]
[White "Andersson, Bjorn"]
[Black "Nygren, Kim"]
[Result "0-1"]
[WhiteElo "2353"]
[BlackElo "2295"]
[PlyCount "76"]

1. e4 Nc6 2. d4 d5 3. Nc3 e5 4. Nxd5 exd4 5. Nf3 Nf6 6. Bc4 Bg4 7. h3 Bxf3 8.
Qxf3 Ne5 9. Nxf6+ gxf6 10. Qb3 Qd6 11. Be2 O-O-O 12. O-O Qc5 13. Kh1 h5 14. Bf4
Bd6 15. Rad1 Ng4 16. Bxd6 Qxd6 17. g3 Ne5 18. f4 Nc6 19. Qxf7 Rdg8 20. Kh2 Kb8
21. c3 Re8 22. Bd3 h4 23. g4 dxc3 24. Bb5 Qc5 25. Bxc6 Qxc6 26. bxc3 Rxe4 27.
Qd5 Re2+ 28. Kh1 Qe8 29. Rf3 a6 30. Rd2 Re1+ 31. Kg2 Qa4 32. Qd4 Qb5 33. Qxf6
Rhe8 34. Rd8+ Ka7 35. Qd4+ c5 36. Qd6 R8e2+ 37. Rf2 Rxf2+ 38. Kxf2 Qf1# 0-1

[Event "Elit(Manhem-Vasteras)"]
[Site "?"]
[Date "2009.03.14"]
[Round "10"]
[White "Nilsson, Andre"]
[Black "Welin, Mats"]
[Result "1/2-1/2"]
[WhiteElo "2333"]
[BlackElo "2323"]
[PlyCount "29"]

1. g3 Nf6 2. Bg2 d5 3. Nf3 c6 4. O-O Bg4 5. h3 Bh5 6. d3 Nbd7 7. c4 e6 8. b3
Bd6 9. Bb2 O-O 10. Nbd2 a5 11. g4 Bg6 12. Nh4 Ne8 13. Nxg6 hxg6 14. e3 f5 15.
cxd5 1/2-1/2

[Event "Elit(Manhem-Vasteras)"]
[Site "?"]
[Date "2009.03.14"]
[Round "10"]
[White "Fendrich, David"]
[Black "Norberg, Erik"]
[Result "1/2-1/2"]
[WhiteElo "2276"]
[BlackElo "2289"]
[PlyCount "85"]

1. c4 g6 2. g3 Bg7 3. Bg2 e5 4. Nc3 Ne7 5. d3 d6 6. e4 O-O 7. Nge2 Nbc6 8. O-O
a6 9. Be3 Nd4 10. Qd2 Bh3 11. Nd5 Bxg2 12. Kxg2 Nxd5 13. cxd5 c5 14. Rab1 Nxe2
15. Qxe2 a5 16. b3 b5 17. a3 Qd7 18. Qd2 f5 19. f3 b4 20. Ra1 f4 21. Bg1 Bh6
22. Ra2 Kg7 23. g4 Bg5 24. Rfa1 h5 25. gxh5 Rh8 26. axb4 Rxh5 27. Kh1 cxb4 28.
Rxa5 Rxa5 29. Rxa5 Kh6 30. Ra8 Bd8 31. d4 Rg5 32. dxe5 dxe5 33. Qf2 Rh5 34. Ra6
Qb5 35. Ra8 Bf6 36. Ra2 Qd3 37. Rb2 Be7 38. Qe2 Qc3 39. Rb1 Rh3 40. Kg2 Rxf3
41. Qxf3 Qc2+ 42. Bf2 Qxb1 43. d6 1/2-1/2

[Event "Elit(Sollentuna-LASK)"]
[Site "?"]
[Date "2009.03.14"]
[Round "10"]
[White "Tikkanen, Hans"]
[Black "Ivanov, Sergej"]
[Result "1/2-1/2"]
[WhiteElo "2501"]
[BlackElo "2622"]
[PlyCount "68"]

1. d4 d5 2. c4 c6 3. Nf3 Nf6 4. Nc3 dxc4 5. a4 Bf5 6. e3 e6 7. a5 Nbd7 8. Bxc4
b5 9. axb6 axb6 10. Rxa8 Qxa8 11. Nh4 Bg4 12. f3 Bh5 13. g4 Bg6 14. O-O b5 15.
Bb3 Be7 16. Nxg6 hxg6 17. e4 Nb6 18. Be3 Qb8 19. Qe2 O-O 20. g5 Nfd7 21. f4 Nc4
22. Bxc4 bxc4 23. Qxc4 Qxb2 24. Rb1 Qa3 25. Qxc6 Nc5 26. dxc5 Qxc3 27. Bf2 Qf3
28. Qc7 Rd8 29. Rb8 Qd1+ 30. Kg2 Qg4+ 31. Kf1 Qh3+ 32. Kg1 Qg4+ 33. Kf1 Qd1+
34. Kg2 Qg4+ 1/2-1/2

[Event "Elit(Sollentuna-LASK)"]
[Site "?"]
[Date "2009.03.14"]
[Round "10"]
[White "Agrest, Evgenij"]
[Black "Smith, Axel"]
[Result "1-0"]
[WhiteElo "2692"]
[BlackElo "2426"]
[PlyCount "117"]

1. c4 Nf6 2. Nc3 e5 3. Nf3 Nc6 4. g3 Nd4 5. Bg2 Nxf3+ 6. Bxf3 Bb4 7. Bg2 O-O 8.
O-O Re8 9. d4 d6 10. dxe5 dxe5 11. Qb3 Qe7 12. Bg5 Bxc3 13. Qxc3 Ne4 14. Bxe4
Qxg5 15. Rfd1 c6 16. Qb4 a5 17. Qb6 Qe7 18. a4 Be6 19. b3 Red8 20. Bc2 Rxd1+
21. Rxd1 g6 22. h4 Kg7 23. Qe3 f6 24. Qb6 Bg4 25. f3 Be6 26. Kg2 h5 27. Rd2 Kh7
28. Kf2 Bf5 29. e4 Be6 30. Ke2 g5 31. Kd1 gxh4 32. gxh4 Rg8 33. Kc1 Rg3 34. Kb2
Rxf3 35. Rd8 Rg3 36. Rb8 Rg7 37. Qxa5 Qd6 38. Qd8 Qxd8 39. Rxd8 Kg6 40. a5 Re7
41. Rd6 Kf7 42. a6 bxa6 43. Rxc6 Ra7 44. b4 Ke7 45. Kc3 Bd7 46. Rb6 Bc8 47. c5
Rc7 48. Bd1 a5 49. Bxh5 axb4+ 50. Kxb4 f5 51. exf5 Bxf5 52. Bg6 Bxg6 53. Rxg6
Kf7 54. h5 e4 55. Rg4 Re7 56. h6 e3 57. Rg7+ Kf6 58. Rxe7 Kxe7 59. Kc3 1-0

[Event "Elit(Sollentuna-LASK)"]
[Site "?"]
[Date "2009.03.14"]
[Round "10"]
[White "Grandelius, Nils"]
[Black "Poley, Vladimir"]
[Result "1-0"]
[WhiteElo "2525"]
[BlackElo "2484"]
[PlyCount "97"]

1. e4 g6 2. d4 Bg7 3. Nc3 c6 4. Nf3 d5 5. h3 Nh6 6. Bd3 f6 7. Ne2 Na6 8. exd5
cxd5 9. c4 O-O 10. cxd5 Qxd5 11. O-O Nf7 12. Re1 Nb4 13. Nc3 Qd6 14. Bb1 e6 15.
Qb3 Nd5 16. Be4 Nc7 17. Be3 f5 18. Bd3 Bd7 19. Rad1 Bc6 20. Ne5 Nxe5 21. dxe5
Qe7 22. f4 Qh4 23. Kh2 g5 24. g3 Qh5 25. Be2 Qg6 26. fxg5 Bxe5 27. Bf4 Bxf4 28.
gxf4 Rad8 29. Bc4 Rxd1 30. Qxd1 Re8 31. Qd6 Qf7 32. Re5 Kh8 33. b4 a6 34. a4
Qd7 35. Qxd7 Bxd7 36. Rc5 Rc8 37. a5 Bc6 38. b5 axb5 39. Nxb5 Na6 40. Re5 Bxb5
41. Bxb5 Rc5 42. Rxc5 Nxc5 43. Bc4 Kg7 44. Kg3 Ne4+ 45. Kh4 e5 46. fxe5 f4 47.
Bd5 Nc5 48. Bxb7 Kg6 49. a6 1-0

[Event "Elit(Sollentuna-LASK)"]
[Site "?"]
[Date "2009.03.14"]
[Round "10"]
[White "Ernst, Thomas"]
[Black "Olsson, Linus"]
[Result "1-0"]
[WhiteElo "2489"]
[BlackElo "2413"]
[PlyCount "89"]

1. e4 g6 2. d4 Nf6 3. f3 d5 4. e5 Nfd7 5. f4 c5 6. Nf3 Nc6 7. Be3 e6 8. c3 Be7
9. Nbd2 Rb8 10. dxc5 Bxc5 11. Bxc5 Nxc5 12. Nb3 Nxb3 13. Qxb3 Bd7 14. Be2 Qe7
15. Nd4 O-O 16. O-O Qc5 17. Qb5 Qxb5 18. Nxb5 a6 19. Nd4 Nxd4 20. cxd4 Bb5 21.
Kf2 Rfc8 22. Rfc1 Bxe2 23. Kxe2 h5 24. Kd2 Kf8 25. Rxc8+ Rxc8 26. Rc1 Rxc1 27.
Kxc1 Ke7 28. Kd2 Kd7 29. b4 Kd8 30. Ke3 Ke7 31. Kf3 Kf8 32. Kg3 Kg7 33. Kh4 Kh6
34. g3 b6 35. a4 b5 36. a5 Kh7 37. Kg5 Kg7 38. h3 Kf8 39. g4 hxg4 40. hxg4 Ke8
41. f5 gxf5 42. gxf5 exf5 43. Kxf5 Ke7 44. Kf4 Kd7 45. Kg4 1-0

[Event "Elit(Sollentuna-LASK)"]
[Site "?"]
[Date "2009.03.14"]
[Round "10"]
[White "Lund, Esben"]
[Black "Bergstrom, Peter"]
[Result "0-1"]
[WhiteElo "2481"]
[BlackElo "2326"]
[PlyCount "114"]

1. d4 d5 2. c4 c6 3. Nf3 Nf6 4. e3 Bf5 5. Nc3 e6 6. Nh4 Bg4 7. Qb3 Qb6 8. h3
Bh5 9. g4 Bg6 10. Nxg6 hxg6 11. g5 Nfd7 12. Bd2 Be7 13. f4 Na6 14. Qxb6 axb6
15. b3 Nc7 16. Bg2 Ra7 17. Ke2 O-O 18. e4 dxe4 19. Bxe4 b5 20. cxb5 Nxb5 21.
Nxb5 cxb5 22. Rhc1 Bd6 23. a4 Rfa8 24. a5 Nb6 25. Bxb7 Rxb7 26. axb6 Rxa1 27.
Rxa1 Rxb6 28. Ra8+ Rb8 29. Ra6 Be7 30. Kd3 Kf8 31. Ba5 Ke8 32. Ra7 b4 33. Bc7
Rb5 34. Kc4 Rf5 35. Rb7 Rd5 36. Rb5 Rxb5 37. Kxb5 Kd7 38. Kb6 f6 39. gxf6 gxf6
40. Kb7 Bf8 41. Kb6 Bd6 42. Bxd6 Kxd6 43. Kb5 Kd5 44. Kxb4 Kxd4 45. h4 e5 46.
f5 gxf5 47. h5 f4 48. h6 f3 49. h7 f2 50. h8=Q f1=Q 51. Qd8+ Ke4 52. Qa8+ Kf4
53. Qd5 Qf3 54. Qe6 Kg3 55. Kc5 e4 56. Qd6+ Kg2 57. b4 e3 0-1

[Event "Elit(Sollentuna-LASK)"]
[Site "?"]
[Date "2009.03.14"]
[Round "10"]
[White "Sagit, Rauan"]
[Black "Bejtovic, Jasmin"]
[Result "1/2-1/2"]
[WhiteElo "2459"]
[BlackElo "2337"]
[PlyCount "122"]

1. e4 c5 2. Nf3 Nc6 3. d4 cxd4 4. Nxd4 g6 5. Nc3 Bg7 6. Nb3 Nf6 7. Be2 O-O 8.
O-O d6 9. Be3 a6 10. a4 Be6 11. f4 Rc8 12. f5 Bd7 13. a5 Ne5 14. Bb6 Qe8 15.
Nd2 Bc6 16. Qe1 d5 17. fxg6 hxg6 18. Rxf6 exf6 19. exd5 Bb5 20. Nxb5 axb5 21.
c3 Qd7 22. Rd1 Rfe8 23. Qf1 Ng4 24. Bxb5 Qd6 25. g3 Qxd5 26. Bxe8 Rxe8 27. Qf3
Qe6 28. Nf1 Qc8 29. Ne3 Ne5 30. Qg2 Bh6 31. Nd5 Qc6 32. Nc7 Nf3+ 33. Kf2 Re5
34. Nd5 Nd2 35. Ne3 Bxe3+ 36. Bxe3 Rf5+ 37. Bf4 Qc5+ 38. Ke2 Nc4 39. Qxb7 g5
40. b4 Re5+ 41. Kf1 Ne3+ 42. Kg1 Qc4 43. Bxe5 fxe5 44. Rd8+ Kg7 45. Qf3 Qxc3
46. Kf2 Qc7 47. Qxe3 Qxd8 48. Qxe5+ Kg6 49. Ke2 Qc8 50. Qe4+ f5 51. Qd3 Qe6+
52. Kd2 Qe5 53. Qc3 Qd5+ 54. Kc2 Qa2+ 55. Qb2 Qc4+ 56. Kb1 Qd3+ 57. Ka1 Qd1+
58. Ka2 Qa4+ 59. Qa3 Qc2+ 60. Ka1 Qd1+ 61. Kb2 Qd2+ 1/2-1/2

[Event "Elit(Sollentuna-LASK)"]
[Site "?"]
[Date "2009.03.14"]
[Round "10"]
[White "Gajic, Mladen"]
[Black "Rosberg, Simon"]
[Result "1/2-1/2"]
[WhiteElo "2268"]
[BlackElo "2316"]
[PlyCount "132"]

1. e4 e6 2. d4 d5 3. Nd2 Nc6 4. Ngf3 Nf6 5. e5 Nd7 6. Bb5 a6 7. Bxc6 bxc6 8. c4
dxc4 9. Nxc4 Nb6 10. b3 a5 11. Qc2 Bb4+ 12. Bd2 O-O 13. Bxb4 axb4 14. O-O Nxc4
15. bxc4 Ra3 16. c5 Ba6 17. Rfe1 Qd5 18. Re3 h6 19. Qb2 Rxe3 20. fxe3 Rb8 21.
a3 b3 22. Rc1 Qe4 23. Rc3 Bd3 24. Kf2 Bc2 25. Kg1 Bd3 26. Kf2 Bc2 27. Ne1 Qh4+
28. Kf1 Be4 29. Rxb3 Rxb3 30. Qxb3 Qxh2 31. a4 Qh1+ 32. Kf2 Qh4+ 33. Ke2 Qg4+
34. Kd2 Bxg2 35. a5 Bf1 36. Qb8+ Kh7 37. Qb1+ g6 38. Nd3 Qg2+ 39. Kc3 Bxd3 40.
Kxd3 Qd5 41. a6 f5 42. Qb7 Qh1 43. Qxc7+ Kh8 44. Qd8+ Kh7 45. Qe7+ Kh8 46. Qf6+
Kh7 47. Qe7+ Kh8 48. Qd8+ Kh7 49. Qc7+ Kh8 50. Kc2 Qf3 51. Qb8+ Kh7 52. Qb7+
Kh8 53. a7 Qe2+ 54. Kb1 Qd1+ 55. Ka2 Qc2+ 56. Ka3 Qc3+ 57. Qb3 Qa5+ 58. Qa4
Qc3+ 59. Ka2 Qd2+ 60. Kb1 Qd3+ 61. Kb2 Qd2+ 62. Ka3 Qc3+ 63. Qb3 Qa5+ 64. Kb2
Qxa7 65. Qxe6 Qb7+ 66. Kc2 Qb5 1/2-1/2

[Event "Elit(Sollentuna-LASK)"]
[Site "?"]
[Date "2009.03.14"]
[Round "10"]
[White "Lindberg, Bo"]
[Black "Semcesen, Daniel"]
[Result "1/2-1/2"]
[WhiteElo "2423"]
[BlackElo "2403"]
[PlyCount "136"]
[EventDate "2009.??.??"]

1. e4 e5 2. Nf3 Nc6 3. Bb5 a6 4. Bxc6 dxc6 5. O-O Qf6 6. d4 exd4 7. Bg5 Qd6 8.
Qxd4 Qxd4 9. Nxd4 Bd7 10. Nc3 f6 11. Bf4 O-O-O 12. Rad1 Ne7 13. Nb3 Ng6 14. Be3
b6 15. h3 Bb4 16. Ne2 Rhe8 17. a3 Bf8 18. Ng3 a5 19. Nd4 a4 20. Rfe1 Ne5 21.
Bc1 g6 22. Nde2 Nc4 23. Nf4 b5 24. Nd3 Be6 25. Nf1 Bf7 26. Nd2 Ne5 27. Nxe5
Rxe5 28. f3 Bc5+ 29. Kh1 Bf2 30. Rf1 Bb6 31. Nb1 Rde8 32. Bf4 R5e7 33. Bg3 Bc4
34. Rfe1 f5 35. Bh4 Re6 36. exf5 gxf5 37. Rxe6 Rxe6 38. Re1 Bd4 39. Nc3 Rxe1+
40. Bxe1 Be3 41. Nd1 Bc1 42. Bf2 f4 43. Kg1 Be6 44. Bd4 Bf5 45. c4 Bc2 46. Nf2
Kd7 47. Ne4 bxc4 48. Kf1 Ke6 49. Bc3 Be3 50. Ke1 c5 51. Nf2 Kf5 52. Ng4 Bd4 53.
h4 Bd3 54. Nf2 Bb1 55. Nh3 Ke5 56. Nf2 Bf5 57. Nd1 Kf6 58. Nf2 Kg6 59. Nh3 Kh5
60. Nxf4+ Kxh4 61. Ne2 Be3 62. Bf6+ Kh5 63. g4+ Kg6 64. Bc3 Bd7 65. Bd2 Bd4 66.
Bc3 Be3 67. Bd2 Bd4 68. Bc3 Be3 1/2-1/2

[Event "Elit(Skara-Farsta)"]
[Site "?"]
[Date "2009.03.14"]
[Round "10"]
[White "Hjelm, Niclas"]
[Black "Cicak, Slavko"]
[Result "0-1"]
[WhiteElo "2382"]
[BlackElo "2596"]
[PlyCount "92"]
[SourceDate "2009.03.18"]

1. Nf3 c5 2. g3 g6 3. Bg2 Bg7 4. O-O Nc6 5. c4 b6 6. e3 Bb7 7. Nc3 Na5 8. d3
Nf6 9. Bd2 O-O 10. a3 Nc6 11. Qe2 e6 12. Rab1 d6 13. b4 Qd7 14. Rfd1 Rad8 15.
d4 cxd4 16. exd4 Ne7 17. Bf4 Nh5 18. Bd2 Rc8 19. Be1 Ba6 20. b5 Bb7 21. Rbc1
Nf5 22. d5 e5 23. Na2 Rce8 24. Nd2 Nd4 25. Qf1 f5 26. Nb4 f4 27. Ne4 Bc8 28.
Nc6 f3 29. Rxd4 fxg2 30. Qxg2 exd4 31. Bb4 d3 32. Nxd6 d2 33. Rf1 Re2 34. Nxc8
Rxc8 35. d6 Nf6 36. Qf3 Rce8 37. Ne7+ R8xe7 38. dxe7 d1=Q 39. Rxd1 Qxd1+ 40.
Kg2 Kf7 41. Qa8 Rxf2+ 42. Kxf2 Ng4+ 43. Kg2 Qe2+ 44. Kh3 Qf1+ 45. Kxg4 Qf5+ 46.
Kh4 Bf6# 0-1

[Event "Elit(Skara-Farsta)"]
[Site "?"]
[Date "2009.03.14"]
[Round "10"]
[White "Djurhuus, Rune"]
[Black "Ong, Kezli"]
[Result "1-0"]
[WhiteElo "2561"]
[BlackElo "2320"]
[PlyCount "73"]

1. d4 Nf6 2. Nf3 e6 3. e3 b6 4. Bd3 Bb7 5. O-O d6 6. c4 Nbd7 7. Nc3 g6 8. e4 e5
9. d5 Bg7 10. Rb1 O-O 11. b4 h6 12. Ne1 Kh8 13. Be3 Qe7 14. f3 Ng8 15. Qc2 Bc8
16. Nb5 a6 17. Nc3 h5 18. a4 Bh6 19. Bf2 a5 20. Nb5 Qd8 21. c5 dxc5 22. bxc5
Ba6 23. cxb6 cxb6 24. Nc7 Bxd3 25. Nxd3 Rc8 26. d6 Qf6 27. Qc6 Rfd8 28. Qd5 Bf8
29. Nb5 Kg7 30. f4 Qe6 31. Qxe6 fxe6 32. Nxe5 Nxe5 33. fxe5 Rc4 34. Nd4 Kh7 35.
Nxe6 Ra8 36. Bxb6 Bh6 37. d7 1-0